Statystyki dla Kluby Siatkarskiej PlusLigi 2021/2022

Kliknij tutaj aby rozwiązać quiz!

Ogólne statystyki

  • Ten quiz został rozwiązany 525 razy
  • Średni wynik to 11 z 14

Statystyki odpowiedzi

MiejsceKlub% Poprawnych
1Grupa Azoty ZAKSA Kędzierzyn-Koźle
96%
2Jastrzębski Węgiel
95%
5Asseco Resovia Rzeszów
93%
4PGE SKRA Bełchatów
92%
9Projekt Warszawa
88%
7Trefl Gdańsk
85%
3Aluron CMC Warta Zawiercie
83%
6Indykpol AZS Olsztyn
79%
13Cerrad Enea Czarni Radom
77%
11LUK Lublin
77%
10Cuprum Lubin
71%
8GKS Katowice
66%
14PSG Stal Nysa
66%
12Ślepsk Malow Suwałki
64%

Rozkład punktacji

Percentyl według liczby udzielonych odpowiedzi

Procent ludzi z każdym wynikiem

Twoja historia wyników

Nie rozwiązałeś tego quizu